<?xml version="1.0" encoding="UTF-8"?>
<record
    xmlns:xsi="http://www.w3.org/2001/XMLSchema-instance"
    xsi:schemaLocation="http://www.loc.gov/MARC21/slim http://www.loc.gov/standards/marcxml/schema/MARC21slim.xsd"
    xmlns="http://www.loc.gov/MARC21/slim">

  <leader>01317nam a22002057a 4500</leader>
  <controlfield tag="003">OSt</controlfield>
  <controlfield tag="005">20260408105620.0</controlfield>
  <controlfield tag="008">260408b        |||||||| |||| 00| 0 SPA d</controlfield>
  <datafield tag="082" ind1=" " ind2=" ">
    <subfield code="2">8449422973</subfield>
  </datafield>
  <datafield tag="100" ind1=" " ind2=" ">
    <subfield code="a"> Merriam-Webster Inc. y Longman Group Ltd..</subfield>
  </datafield>
  <datafield tag="245" ind1=" " ind2=" ">
    <subfield code="a">English Dictionary  Spanish Edition</subfield>
  </datafield>
  <datafield tag="250" ind1=" " ind2=" ">
    <subfield code="a">1RA EDICION </subfield>
  </datafield>
  <datafield tag="260" ind1=" " ind2=" ">
    <subfield code="a">Barcelona-Espa&#xF1;a </subfield>
    <subfield code="b">Editorial Oc&#xE9;ano</subfield>
    <subfield code="c">1992.</subfield>
  </datafield>
  <datafield tag="300" ind1=" " ind2=" ">
    <subfield code="a">1071 p&#xE1;ginas.</subfield>
    <subfield code="c">26cm</subfield>
  </datafield>
  <datafield tag="490" ind1=" " ind2=" ">
    <subfield code="3"> tapa dura encuadernaci&#xF3;n de lujo</subfield>
    <subfield code="a">con CD-ROM</subfield>
  </datafield>
  <datafield tag="520" ind1=" " ind2=" ">
    <subfield code="a">Clarificar el l&#xE9;xico: Define t&#xE9;rminos complejos de forma sencilla, incluyendo neologismos, tecnicismos y modismos actuales.
Perfeccionar la gram&#xE1;tica: Gu&#xED;a al usuario en el uso correcto de estructuras, verbos compuestos (phrasal verbs) y colocaciones comunes.
Fomentar la autonom&#xED;a: Busca que el lector desarrolle la capacidad de pensar en ingl&#xE9;s al ofrecer ejemplos de uso en contextos reales.
Apoyar el aprendizaje multimedia: Complementa la consulta textual con recursos interactivos (en sus versiones con CD-ROM) para mejorar la pronunciaci&#xF3;n y la retenci&#xF3;n visual.</subfield>
  </datafield>
  <datafield tag="650" ind1=" " ind2=" ">
    <subfield code="a">Categor&#xED;a Gramatical , Definici&#xF3;n Monoling&#xFC;e , Ejemplos de Uso</subfield>
    <subfield code="v">Audios de Pronunciaci&#xF3;n:</subfield>
    <subfield code="x">Secci&#xF3;n Preliminar , Cuerpo del Diccionario, Anexos y Ap&#xE9;ndices</subfield>
  </datafield>
  <datafield tag="700" ind1=" " ind2=" ">
    <subfield code="a">Longman Group Ltd..</subfield>
  </datafield>
  <datafield tag="942" ind1=" " ind2=" ">
    <subfield code="2">ddc</subfield>
    <subfield code="c">BKA</subfield>
    <subfield code="n">0</subfield>
  </datafield>
  <datafield tag="952" ind1=" " ind2=" ">
    <subfield code="0">0</subfield>
    <subfield code="1">0</subfield>
    <subfield code="2">ddc</subfield>
    <subfield code="4">0</subfield>
    <subfield code="7">0</subfield>
    <subfield code="8">E03</subfield>
    <subfield code="a">ISUS</subfield>
    <subfield code="b">ISUS</subfield>
    <subfield code="c">Biblioteca Abierta</subfield>
    <subfield code="d">2026-04-08</subfield>
    <subfield code="e">IDIOMAS </subfield>
    <subfield code="f">0480</subfield>
    <subfield code="i">0480</subfield>
    <subfield code="l">0</subfield>
    <subfield code="o">INGLES </subfield>
    <subfield code="p">IDIOMA0480</subfield>
    <subfield code="r">2026-04-08 10:57:43</subfield>
    <subfield code="t">1</subfield>
    <subfield code="w">2026-04-08</subfield>
    <subfield code="y">BKA</subfield>
  </datafield>
  <datafield tag="999" ind1=" " ind2=" ">
    <subfield code="c">2056</subfield>
    <subfield code="d">2056</subfield>
  </datafield>
</record>
